000 002680000a22000970004500
100 1 _aHuytchinson Miller, Carmen
245 1 0 _aFe y conquista desde una madre negra
300 _aVol. 12, Num. 1 (Junio, 1992), Páginas 44-49
773 0 _tVida y pensamiento
942 _cANA
999 _c53016
_d53016